The assessment of 'environmental abnormal costs' during the conveyancing of brownfield land (Record no. 65785)
[ view plain ]
| 000 -LEADER | |
|---|---|
| fixed length control field | 01549cam a2200241 4500 |
| 001 - CONTROL NUMBER | |
| control field | ABS63304 |
| 008 - FIXED-LENGTH DATA ELEMENTS--GENERAL INFORMATION | |
| fixed length control field | 000000n2000 000 0 eng u |
| 035 ## - SYSTEM CONTROL NUMBER | |
| System control number | (Sirsi) u110312 |
| 100 ## - MAIN ENTRY--PERSONAL NAME | |
| Personal name | Westcott, F |
| 245 #4 - TITLE STATEMENT | |
| Title | The assessment of 'environmental abnormal costs' during the conveyancing of brownfield land |
| 260 ## - PUBLICATION, DISTRIBUTION, ETC. | |
| Date of publication, distribution, etc. | 2000 |
| 490 ## - SERIES STATEMENT | |
| Series statement | Land Contamination & Reclamation |
| Volume/sequential designation | 8(4) 2000, 323-332(10) |
| 520 ## - SUMMARY, ETC. | |
| Summary, etc. | Discusses the estimation of environmental abnormal costs in order to derive values for brownfield land in conveyancing. Describes the situation in terms of the legislative framework established by the Environmental Protection Act 1990. Refers specifically to the assessment of these costs and, whilst this is set in the context of the land valuation process as a whole, land valuation issues, which are within the professional discipline of chartered surveyors, are not addressed in detail. The paper does not consider in detail the issue of non-environmental abnormal costs. It is not possible to derive an approach which completely eliminates commercial risk but the paper puts forward a generic approach based on management of commercial risk, which is considered to represent professional good practice in the estimation of abnormal cost. Journal abstract. References. |
| 590 ## - LOCAL NOTE (RLIN) | |
| Local note | ABS |
| 650 ## - SUBJECT ADDED ENTRY--TOPICAL TERM | |
| Topical term or geographic name entry element | BROWNFIELD DEVELOPMENT |
| 650 ## - SUBJECT ADDED ENTRY--TOPICAL TERM | |
| Topical term or geographic name entry element | REMEDIATION |
| 650 ## - SUBJECT ADDED ENTRY--TOPICAL TERM | |
| Topical term or geographic name entry element | CONVEYANCING |
| 650 ## - SUBJECT ADDED ENTRY--TOPICAL TERM | |
| Topical term or geographic name entry element | VALUATION ISSUES |
| 650 ## - SUBJECT ADDED ENTRY--TOPICAL TERM | |
| Topical term or geographic name entry element | LAND MARKETS |
| 650 ## - SUBJECT ADDED ENTRY--TOPICAL TERM | |
| Topical term or geographic name entry element | CLEAN-UP COSTS |
| 690 ## - LOCAL SUBJECT ADDED ENTRY--TOPICAL TERM (OCLC, RLIN) | |
| Topical term or geographic name as entry element | ENVIRONMENT-CONTAMINATION |
| 942 ## - ADDED ENTRY ELEMENTS (KOHA) | |
| Suppress in OPAC | 0 |
| Withdrawn status | Lost status | Source of classification or shelving scheme | Damaged status | Not for loan | Home library | Current library | Shelving location | Date acquired | Total Checkouts | Full call number | Barcode | Date last seen | Copy number | Price effective from | Koha item type |
|---|---|---|---|---|---|---|---|---|---|---|---|---|---|---|---|
| Dewey Decimal Classification | London | London | Journal article | 10/01/2001 | ABS63304 | 110312-1001 | 06/08/2019 | 1 | 06/08/2019 | Journal article |